| 000 | 00553nam a2200169 4500 | ||
|---|---|---|---|
| 001 | 108733 | ||
| 003 | ES-MaACL | ||
| 005 | 20250702063056.0 | ||
| 007 | t| | ||
| 008 | 061121s1923 be r ||||1| spa d | ||
| 100 | 0 |
_aMontoliu, Manuel de, _d1877-1961 _982679 |
|
| 245 | 1 | 4 |
_aLas poesías líricas de Andreu Febrer / _cedición crítica publicada por Manuel de Montoliu. |
| 260 |
_aBruges (Belgique) : _b[s.n.], _c1923 ( _fImprimerie Sainte-Catherine) |
||
| 300 |
_a67 p. ; _c24 cm. |
||
| 852 |
_aES-MaACL _j1720-F-3 |
||
| 999 |
_c108733 _d108733 |
||